000 00848nam a2200229Ia 4500
005 20250108124901.0
008 008 250107s9999 xx 000 0 hin d
020 _a978-93-82662-67-9
037 _aTB
040 _aCRL
_bhin
_cCRL
041 _ahin
_2hin
084 _aO152,6N60:g R4
084 _qCRL
100 _aबाबूराम, संपा.
245 0 _aसंत ब्रहमानन्द सरस्वती ग्रन्थावली
_cबाबूराम, संपा.
260 _aपंचकूला, भारत
_bहरियाणा ग्रंथ अकादमी
_c2548
300 _a254पृ0
365 _aINR
_b205
650 _aआध्यात्मिक अनुभव और रहस्यवाद
942 _cTB
_hO152,6N60:g R4
999 _c1234936
_d1234936